000 00361nam a2200145Ia 4500
008 150201s2009 xx 000 0 und d
082 _a610.7
_bE09L
100 _aRAO,SRIDHAR,B
245 _aESSENTIALS OF EPIDEMIOLOGY
250 _a1ST
260 _bAITBS
_aDELHI
_c2009
300 _a1-219
650 _aOTHER CLINICAL & NON CLINICAL BOOKS
942 _2ddc
_cBK
_01
999 _c539
_d539